|
|
|
|
| LEADER |
00000nam0a2200000 4500 |
| 001 |
56981 |
| 005 |
20231031054017.0 |
| 035 |
|
|
|a (RuTPU)RU\TPU\book\59945
|
| 090 |
|
|
|a 56981
|
| 100 |
|
|
|a 20031020d1982 k y0rusy50 ca
|
| 101 |
0 |
|
|a rus
|
| 102 |
|
|
|a RU
|
| 105 |
|
|
|a a z 001zy
|
| 200 |
1 |
|
|a Приэлектродные процессы в дуговых разрядах
|f М. Ф. Жуков, Н. П. Козлов, А. В. Пустогаров и др.
|g Академия Наук СССР. Сибирское отделение; Институт теплофизики; Под ред. Г. И. Морцевой
|
| 210 |
|
|
|a Новосибирск
|c Наука
|d 1982
|
| 215 |
|
|
|a 157 с.
|c ил.
|
| 320 |
|
|
|a Библиогр.: с. 147-157.
|
| 610 |
1 |
|
|a электроды
|
| 610 |
1 |
|
|a дуговые установки
|
| 610 |
1 |
|
|a разряды
|
| 610 |
1 |
|
|a катодные процессы
|
| 610 |
1 |
|
|a теплофизика
|
| 610 |
1 |
|
|a термоэмиссия
|
| 610 |
1 |
|
|a физика
|
| 610 |
1 |
|
|a плазма
|
| 610 |
1 |
|
|a плазма низкотемпературная
|
| 675 |
|
|
|a 537.5
|v 3
|
| 701 |
|
1 |
|a Жуков
|b М. Ф.
|g Михаил Федорович
|
| 701 |
|
1 |
|a Козлов
|b Н. П.
|g Николай Павлович
|
| 701 |
|
1 |
|a Пустогаров
|b А. В.
|g Александр Васильевич
|
| 701 |
|
1 |
|a Аньшаков
|b А. С.
|g Анатолий Степанович
|
| 701 |
|
1 |
|a Хвесюк
|b В. И.
|g Владимир Иванович
|
| 701 |
|
1 |
|a Дюжев
|b Г. А.
|g Георгий Андреевич
|
| 701 |
|
1 |
|a Дандарон
|b Г.-Н. Б.
|g Гунга-Нимбу Бидьяевич
|
| 702 |
|
1 |
|a Морцева
|b Г. И.
|4 340
|
| 712 |
0 |
2 |
|a Академия наук СССР (АН СССР)
|b Сибирское отделение (СО)
|b Институт теплофизики (ИТ)
|c (Новосибирск)
|2 stltpush
|3 (RuTPU)RU\TPU\col\11307
|
| 801 |
|
1 |
|a RU
|b 63413507
|c 20031020
|g PSBO
|
| 801 |
|
2 |
|a RU
|b 63413507
|c 20081020
|g PSBO
|
| 942 |
|
|
|c BK
|